000 00719nam a2200205 i 4500
001 88492
003 ES-MaACL
005 20230906175853.0
007 t|
008 050104s1984 sp ||||1| spa d
100 1 _aLandowski, Marcel.
_969970
245 1 0 _aBatallas por la música
_b: (resultado y experiencias de una política musical en Francia) /
_cMarcel Landowski ; [traducción de Juan Antonio García Barquero].
260 _a[Madrid] :
_bMinisterio de Cultura,
_c[1984]
300 _a143 p. ;
_c19 cm.
490 1 _aCultura y comunicación
700 1 _aGarcía Barquero, Juan Antonio.
_954229
830 0 _aCultura y comunicación
_9181260
852 _aES-MaACL
_jL-6270
_bR.106810
999 _c88492
_d88492